Η Ελλάδα σε Εικόνες - Statistics

General Stats
  • This quiz has been taken 47 times
  • The average score is 13 of 17
Answer Stats
Picture Hint Answer % Correct
Φαγητό Γύρος
95%
Ναός Παρθενώνας
95%
Νησί Κρήτη
95%
Πόλη Θεσσαλονίκη
91%
Νησί Σαντορίνη
88%
Φαγητό Σπανακόπιτα
88%
Θάλασσα Αιγαίο Πέλαγος
84%
Μυθολογικός Ήρωας Οδυσσέας
81%
Φιλόσοφος Σωκράτης
79%
Χερσόνησος Πελοπόννησος
79%
Γλυπτό Αφροδίτη της Μήλου
79%
Νησί Ρόδος
77%
Θεός της Μουσικής Απόλλωνας
72%
Ελληνόφωνη Αυτοκρατορία Βυζαντινή
67%
Χερσόνησος Βαλκανική
67%
Τιτάνας Άτλας
53%
Τύπος στρατιώτη Οπλίτης
16%
No matching quizzes found
Score Distribution
Percent of People with Each Score
Percentile by Number Answered
Your Score History
You have not taken this quiz